000 00643nam a2200277Ia 4500
005 20260324133935.0
008 008 260324s9999 xx 000 0 eng d
020 _a9781410604934
037 _aEBOOK
040 _aCRL
040 _beng
040 _cCRL
041 _2eng
041 _aeng
084 _qCRL
100 _aKenneth S. Bordens; Irwin A. Horowitz
_91194961
245 0 _aSocial Psychology
260 _bTaylor and Francis
260 _c2002
365 _a
365 _b230
856 _uhttp://www.taylorfrancis.com/books/9781410604934
942 _cEBOOK
999 _c1794537
_d1794537